<?xml version="1.0" encoding="UTF-8"?>
<collection xmlns="http://www.loc.gov/MARC21/slim">
 <record>
  <leader>00551nab a2200157 i 4500</leader>
  <controlfield tag="001">univ56757</controlfield>
  <controlfield tag="005">20210108123256.0</controlfield>
  <controlfield tag="008">210108s2021    hu      o     0||   zxx d</controlfield>
  <datafield tag="040" ind1=" " ind2=" ">
   <subfield code="a">SZTE UnivHistória Repozitórium</subfield>
   <subfield code="b">hun</subfield>
  </datafield>
  <datafield tag="041" ind1=" " ind2=" ">
   <subfield code="a">zxx</subfield>
  </datafield>
  <datafield tag="100" ind1="1" ind2=" ">
   <subfield code="a">Róth Balázs</subfield>
  </datafield>
  <datafield tag="245" ind1="1" ind2="0">
   <subfield code="a">Alapítványi fenntartásba kerül a Szegedi Tudományegyetem?</subfield>
   <subfield code="h">[elektronikus dokumentum] /</subfield>
   <subfield code="c"> Róth Balázs</subfield>
  </datafield>
  <datafield tag="260" ind1=" " ind2=" ">
   <subfield code="c">2021-01-07</subfield>
  </datafield>
  <datafield tag="490" ind1="0" ind2=" ">
   <subfield code="a">SzegedMa.hu</subfield>
  </datafield>
  <datafield tag="561" ind1=" " ind2=" ">
   <subfield code="a">Egyetemi hirarchívum</subfield>
  </datafield>
  <datafield tag="695" ind1=" " ind2=" ">
   <subfield code="a">Terv - Szegedi Tudományegyetem - alapítványi egyetem - alapítványi fenntartás</subfield>
  </datafield>
 </record>
</collection>
